Психология умственно отсталых школьников (Запись № 695195)

Подробности
000 -МАРКЕР
контрольное поле 02434nam0a2200421 4500
001 - ИДЕНТИФИКАТОР ЗАПИСИ
контрольное поле RU\NLR\bibl\729727
005 - ИДЕНТИФИКАТОР ВЕРСИИ
контрольное поле 20260405094922.0
010 ## - МЕЖДУНАРОДНЫЙ СТАНДАРТНЫЙ НОМЕР КНИГИ (ISBN)
Номер (ISBN) 5-7695-1781-6
Уточнения в обл.
Тираж 5100
021 ## - НОМЕР ГОСУДАРСТВЕННОЙ РЕГИСТРАЦИИ
Код страны российская федерация
Номер 2004-44708
Номер Листа государственной регистраци 2221
035 ## - ДРУГИЕ СИСТЕМНЫЕ НОМЕРА
Идентификатор записи (NLR Aleph) 000719702
035 ## - ДРУГИЕ СИСТЕМНЫЕ НОМЕРА
Идентификатор записи RSL-KNO-002455552
100 ## - ДАННЫЕ ОБЩЕЙ ОБРАБОТКИ
Данные общей обработки 20040726d2004 |||y0rusy50 ca
101 0# - ЯЗЫК РЕСУРСА
Язык текста, звукозаписи и т.д. русский
102 ## - СТРАНА ПУБЛИКАЦИИ ИЛИ ПРОИЗВОДСТВА
Страна публикации российская федерация
105 ## - ПОЛЕ КОДИРОВАННЫХ ДАННЫХ: ТЕКСТОВЫЕ МАТЕРИАЛЫ, МОНОГРАФИЧЕСКИЕ
Кодированные данные о монографическом текстовом документе y |||||||||
106 ## - ПОЛЕ КОДИРОВАННЫХ ДАННЫХ: ТЕКСТОВЫЕ РЕСУРСЫ – ФОРМА
Форма ресурса: кодированные данные: обозначение носителя r
200 1# - ЗАГЛАВИЕ И СВЕДЕНИЯ ОБ ОТВЕТСТВЕННОСТИ
Основное заглавие Психология умственно отсталых школьников
Сведения, относящиеся к заглавию учеб. пособие для студентов вузов, обучающихся по спец. 031700 - Олигофренопедагогика, 031900 - Спец. психология
Первые сведения об ответственности В.Г. Петова, И.В. Белякова
205 ## - СВЕДЕНИЯ ОБ ИЗДАНИИ
Сведения об издании 2-е изд., стер.
210 ## - ПУБЛИКАЦИЯ, РАСПРОСТРАНЕНИЕ И ДР.
Место издания, распространения и т.д. М.
Имя издателя, распространителя и т. д. Academia
Дата издания, распространения и т.д. 2004
Место изготовления ГУП Сарат. полигр. комб.
215 ## - ФИЗИЧЕСКАЯ ХАРАКТЕРИСТИКА
Специфическое обозначение материала и объем 159, [1] с.
Размеры 22
225 1# - СЕРИЯ
Основное заглавие серии Высшее профессиональное образование
Наименование части Педагогические специальности
225 1# - СЕРИЯ
Основное заглавие серии Учебное пособие
320 ## - ПРИМЕЧАНИЯ О НАЛИЧИИ В ДОКУМЕНТЕ БИБЛИОГРАФИИ / УКАЗАТЕЛЯ
Текст примечания Библиогр.: с. 157-158
606 0# - НАИМЕНОВАНИЕ ТЕМЫ КАК ПРЕДМЕТ
Наименование темы Умственно-отсталые дети
Формальный подзаголовок Руководства, пособия и т.п. для высшей школы
Тематический подзаголовок Психология
Системный номер авторитетной/нормативной записи 1610782
Идентификатор авторитетной/нормативной записи RU\NLR\auth\661008161
606 1# - НАИМЕНОВАНИЕ ТЕМЫ КАК ПРЕДМЕТ
Наименование темы Умственно-отсталые дети
Формальный подзаголовок Учебные издания для высших учебных заведений
Тематический подзаголовок Психологические исследования
Системный номер авторитетной/нормативной записи 1848116
Идентификатор авторитетной/нормативной записи RU\NLR\AUTH\661128622
610 0# - НЕКОНТРОЛИРУЕМЫЕ ПРЕДМЕТНЫЕ ТЕРМИНЫ
Предметный термин Психология -- Отраслевая (прикладная) психология -- Медицинская психология -- Дефектологическая психология -- Психология умственноотсталых -- Дети -- Учебник для высшей школы
686 ## - ИНДЕКСЫ ДРУГИХ КЛАССИФИКАЦИЙ
Индекс Ю948.25-734я73-1
Код системы
686 ## - ИНДЕКСЫ ДРУГИХ КЛАССИФИКАЦИЙ
Индекс Ю948.25я73
700 #1 - ИМЯ ЛИЦА - ПЕРВИЧНАЯ ОТВЕТСТВЕННОСТЬ
Код отношения Автор
Графика поля Кириллица
Материалы, к которым относится поле rus
Начальный элемент ввода Петрова
Часть имени, кроме начального элемента ввода В. Г.
Даты 1921-2011
Дополнения к именам, кроме дат д-р психол. наук
Расширение инициалов личного имени Вера Георгиевна
Идентификатор авторитетной/нормативной записи RU\NLR\AUTH\7735516
Системный номер авторитетной/нормативной записи 18513
701 #1 - ИМЯ ЛИЦА - АЛЬТЕРНАТИВНАЯ ОТВЕТСТВЕННОСТЬ
Начальный элемент ввода Белякова
Часть имени, кроме начального элемента ввода И. В.
Код отношения Автор
801 #0 - ИСТОЧНИК ЗАПИСИ
Страна российская федерация
Организация RuMoRKP
Дата составления 20040726
Правила каталогизации rcr
801 #1 - ИСТОЧНИК ЗАПИСИ
Страна российская федерация
Организация RuMoRGB
Дата составления 20040726
801 #2 - ИСТОЧНИК ЗАПИСИ
Страна российская федерация
Организация NLR
Дата составления 20050228
Правила каталогизации PSBO
942 ## - ДОПОЛНИТЕЛЬНЫЕ ЭЛЕМЕНТЫ ЗАПИСИ (АБИС)
Тип экземпляра АБИС Книга
980 ## - КОЛЛЕКЦИЯ
Название коллекции Национальная библиография
Экземпляры
Тип экземпляра Дата поступления Источник поступления Библиотека постоянного хранения Библиотека текущего хранения Место хранения Шифр хранения Штрих-код Статус не для выдачи
Книга 28.02.2005 Обязательный экземпляр РНБ (Московский) РНБ (Московский) Русский книжный фонд: издания с 1957 года, 3этаж 2005-5/1005 1-2197025  
Книга 28.02.2005 Обязательный экземпляр РНБ (Московский) РНБ (Московский) Русский книжный фонд: издания с 1957 года, 3этаж 2005-5/1005 1-2197498